000 00653nam a2200157 i 4500
001 63027
003 ES-MaACL
005 20230906164754.0
007 t|
008 031127s1911 cl ||||1| spa d
100 1 _aFernández Pesquero, Javier.
_949998
245 1 0 _aMancomunidad entre el alma literaria de España y la de la América Latina
_b: conferencia pronunciada el 7 de julio de 1911, en la Universidad del Estado, en sesión celebrada por el Ateneo de Santiago de Chile /
_cJavier Fernández Pesquero.
260 _aSantiago de Chile :
_b[s.n.],
_c1911 (
_fVictoria)
300 _a22 p. :
_bretr. aut. ;
_c24 cm.
852 _aES-MaACL
_jT-1436-F-9
999 _c63027
_d63027